|
|
|
|
| LEADER |
00000nam0a2200000 4500 |
| 001 |
670723 |
| 005 |
20250225063231.0 |
| 010 |
|
|
|a 978-5-89428-983-0
|
| 090 |
|
|
|a 670723
|
| 100 |
|
|
|a 20240215d2023 k||y0rusy50 ca
|
| 101 |
0 |
|
|a rus
|
| 102 |
|
|
|a RU
|
| 105 |
|
|
|a a z 001yy
|
| 181 |
|
0 |
|a i
|b e
|
| 182 |
|
0 |
|a n
|
| 183 |
|
0 |
|a nc
|2 RDAcarrier
|
| 200 |
1 |
|
|a Материалы с полифункциональными свойствами на основе волокон, модифицированных наночастицами
|f А. И. Потекаев, Т. Д. Малиновская, И. А. Лысак, Г. В. Лысак
|g Томский государственный университет [и др.]
|
| 203 |
|
|
|a Текст
|b визуальный
|c непосредственный
|
| 210 |
|
|
|a Томск
|c Изд-во ТГПУ
|d 2023
|
| 215 |
|
|
|a 224 с.
|c ил.
|
| 283 |
|
|
|a volume
|2 RDAcarrier
|
| 320 |
|
|
|a Литература: с. 197-224
|
| 330 |
|
|
|a Книга посвящена вопросам анализа и синтеза умных электромеханических систем, являющихся новым направлением в развитии и внедрении киберфизических систем. Предназначена для магистров, аспирантов и инженеров, специализирующихся в области исследования и создания интеллектуальных систем управления и робототехники, а также может быть использована в качестве учебного пособия для студентов старших курсов технических университетов, обучающихся по направлениям "Системный анализ и управление", "Интеллектуальные системы управления" и "Робототехника".
|
| 606 |
1 |
|
|a Материаловедение
|9 61053
|
| 610 |
1 |
|
|a ультрадисперсные материалы
|
| 610 |
1 |
|
|a ультратонкие синтетические волокна
|
| 610 |
1 |
|
|a использование
|
| 610 |
1 |
|
|a бактерицидные материалы
|
| 610 |
1 |
|
|a каталитические материалы
|
| 610 |
1 |
|
|a волокнистые материалы
|
| 610 |
1 |
|
|a сорбционные свойства
|
| 610 |
1 |
|
|a ультратонкие волокна
|
| 610 |
1 |
|
|a получение
|
| 610 |
1 |
|
|a физические подходы
|
| 610 |
1 |
|
|a полимерные волокна
|
| 610 |
1 |
|
|a условия получения
|
| 610 |
1 |
|
|a металлосодержащие наночастицы
|
| 610 |
1 |
|
|a закрепление на поверхности
|
| 610 |
1 |
|
|a полифункциональные свойства
|
| 610 |
1 |
|
|a труды учёных ТПУ
|
| 675 |
|
|
|a 620.22
|v 4
|
| 701 |
|
1 |
|a Потекаев
|b А. И.
|g Александр Иванович
|
| 701 |
|
1 |
|a Малиновская
|b Т. Д.
|g Татьяна Дмитриевна
|
| 701 |
|
1 |
|a Лысак
|b И. А.
|c специалист в области автоматизации и робототехники
|c доцент Томского политехнического университета, кандидат технических наук
|f 1977-
|g Илья Александрович
|9 15895
|
| 701 |
|
1 |
|a Лысак
|b Г. В.
|c химик-технолог
|c ассистент кафедры Томского политехнического университета, кандидат химических наук
|g Галина Владиленовна
|y Томск
|7 ca
|8 rus
|9 88512
|
| 712 |
0 |
2 |
|a Национальный исследовательский Томский государственный университет
|c 2009-
|4 570
|9 26574
|
| 712 |
0 |
2 |
|a Национальный исследовательский Томский политехнический университет
|c (2009- )
|9 26305
|4 570
|
| 712 |
0 |
2 |
|a Российская академия наук
|b Сибирское отделение
|b Томский научный центр
|9 23613
|4 570
|
| 801 |
|
0 |
|a RU
|b 634135
|c 20240215
|
| 942 |
|
|
|c BK
|